Diagnostika podnikových procesov v kontexte manažmentu rizika a stanovenia hodnoty podniku [zborník vedeckých prác]

Na minha lista:
Detalhes bibliográficos
Autor Corporativo: Ekonomická univerzita v Bratislave. Fakulta podnikového manažmentu
Outros Autores: Matušovič, Martin, Mišík, Vladimír, Tóth, Miroslav, 1961-
Formato: Livro
Idioma:eslovaco
Publicado em: Bratislava Vydavateľstvo EKONÓM 2014
Edição:1. vyd.
Assuntos:
Tags: Adicionar Tag
Sem tags, seja o primeiro a adicionar uma tag!

MARC

LEADER 00000nlm a2200000 4500
001 0214482
005 20240502073603.2
020 |a 978-80-225-4021-6 
041 0 |a slo 
044 |a SK 
245 1 0 |a Diagnostika podnikových procesov v kontexte manažmentu rizika a stanovenia hodnoty podniku  |b [zborník vedeckých prác]  |c Anna Neumannová a kolektív ; redakčné spracovanie Martin Matušovič 
250 |a 1. vyd. 
264 1 |a Bratislava  |b Vydavateľstvo EKONÓM  |c 2014 
300 |a CD-ROM [64 s., 3,2 AH] 
610 2 0 |a procesy podnikové 
610 2 0 |a riadenie rizík 
610 2 0 |a hodnota podniku 
610 2 0 |a diagnostika podniková 
700 1 |a Matušovič, Martin 
700 1 |a Mišík, Vladimír 
700 1 |a Tóth, Miroslav, 1961- 
710 2 |a Ekonomická univerzita v Bratislave. Fakulta podnikového manažmentu